Wszystkie postacie z Monster High - Statystyki

Ogólne statystyki
  • Ten quiz został rozwiązany 114 razy
  • Średni wynik to 24 z 69
Statystyki odpowiedzi
Obrazkowy Odpowiedź % Poprawnych
Frankie
97%
Cleo
95%
Clawd
89%
Clawdeen
85%
Lagoona
84%
Draculaura
81%
Deuce
77%
Ghoulia
73%
Operetta
71%
Abbey
68%
Nefera
68%
Spectra
68%
Venus
60%
Howleen
55%
Robecca
53%
Toralei
53%
Catty
52%
Elissabat
48%
Twyla
48%
Gigi
45%
Rochelle
45%
Clawdia
44%
Ross
41%
Jackson
38%
Skelita
36%
Gill
34%
Jinafire
33%
C.A. Cupid
32%
Honey
29%
Astranova
27%
Iris
27%
Luna
27%
Holt
26%
Purrsephone
26%
Scarah
26%
Meowlody
25%
River
25%
Sirena
25%
Strachu
25%
Wydowna
25%
Catrine
23%
Kiyomi
23%
Vandala
23%
Bonita
22%
Elle
21%
Manny
21%
Avea
19%
Casta
19%
Jane
19%
Viperine
19%
Amanita
18%
Kala
18%
Batsy
16%
Gooliope
16%
Isi
16%
Porter
16%
Garrott
15%
Marisol
15%
Gilda
14%
Lorna
14%
Mouscedes
14%
Niewidzialny Billy
14%
Kjersti
11%
Posea
11%
Finnegan
10%
Seth
8%
Peri i Pearl
7%
Neighthan
5%
Gjinni
1%
Nie znaleziono quizów pasujących do podanych kryteriów
Rozkład punktacji
Procent ludzi z każdym wynikiem
Percentyl według liczby udzielonych odpowiedzi
Twoja historia wyników
Nie rozwiązałeś tego quizu